<?xml version="1.0" encoding="UTF-8"?>
<collection xmlns="http://www.loc.gov/MARC21/slim">
 <record>
  <leader>00389pamaa2200145   4500</leader>
  <controlfield tag="001">0000017030</controlfield>
  <controlfield tag="005">20130723090000.0</controlfield>
  <datafield tag="020" ind1="0" ind2="0">
   <subfield code="a">0669339164 </subfield>
  </datafield>
  <datafield tag="082" ind1=" " ind2=" ">
   <subfield code="a">551 DOL</subfield>
  </datafield>
  <datafield tag="090" ind1="0" ind2="0">
   <subfield code="a">QE28.2 </subfield>
   <subfield code="b">DOL 1998</subfield>
  </datafield>
  <datafield tag="100" ind1="1" ind2="0">
   <subfield code="a">DOLGOFF </subfield>
  </datafield>
  <datafield tag="245" ind1="1" ind2="0">
   <subfield code="a">Essentials of physical geology  </subfield>
   <subfield code="c">Anatole Dolgoff with Mary Falcon.</subfield>
  </datafield>
  <datafield tag="260" ind1="0" ind2="0">
   <subfield code="a">Boston: </subfield>
   <subfield code="b">Houghton Mifflin, </subfield>
   <subfield code="c">1998.</subfield>
  </datafield>
  <datafield tag="300" ind1=" " ind2=" ">
   <subfield code="a">xxviii, 461p.: </subfield>
   <subfield code="b">27cm.</subfield>
  </datafield>
  <datafield tag="650" ind1="0" ind2="0">
   <subfield code="a">Geology </subfield>
  </datafield>
 </record>
</collection>
